00385nam a2200157Ia 45000010006000000050017000060080041000230410008000640820015000721000039000872450048001262600009001743000028001836500008002116540008002192431320260414151035.0260414t2016||||xx |||||||||||||| ||spa|| aESP a345.3bA61 aAngulo Morales, Marco AntonioeAUT 0aEl derecho probatorio en el proceso penalb c2016 a175 páginas :c24 cm. aDER aCDE